|
|
|
|
| LEADER |
02197nam a22004575i 4500 |
| 001 |
978-3-540-72879-5 |
| 003 |
DE-He213 |
| 005 |
20151116134043.0 |
| 007 |
cr nn 008mamaa |
| 008 |
100301s2007 gw | s |||| 0|eng d |
| 020 |
|
|
|a 9783540728795
|9 978-3-540-72879-5
|
| 024 |
7 |
|
|a 10.1007/978-3-540-72879-5
|2 doi
|
| 040 |
|
|
|d GrThAP
|
| 050 |
|
4 |
|a QD415-436
|
| 072 |
|
7 |
|a PNN
|2 bicssc
|
| 072 |
|
7 |
|a SCI013040
|2 bisacsh
|
| 082 |
0 |
4 |
|a 547
|2 23
|
| 245 |
1 |
0 |
|a Metal Catalyzed Reductive C–C Bond Formation
|h [electronic resource] :
|b A Departure from Preformed Organometallic Reagents /
|c edited by Michael J. Krische.
|
| 246 |
3 |
|
|a With contributions by numerous experts
|
| 264 |
|
1 |
|a Berlin, Heidelberg :
|b Springer Berlin Heidelberg,
|c 2007.
|
| 300 |
|
|
|a XII, 264 p.
|b online resource.
|
| 336 |
|
|
|a text
|b txt
|2 rdacontent
|
| 337 |
|
|
|a computer
|b c
|2 rdamedia
|
| 338 |
|
|
|a online resource
|b cr
|2 rdacarrier
|
| 347 |
|
|
|a text file
|b PDF
|2 rda
|
| 490 |
1 |
|
|a Topics in Current Chemistry,
|x 0340-1022 ;
|v 279
|
| 505 |
0 |
|
|a Nickel-Catalyzed Reductive Couplings of Aldehydes and Alkynes -- Reductive C–C Bond Formation after Epoxide Opening via Electron Transfer -- Catalytic Reductive Coupling of Carbonyl Compounds – The Pinacol Coupling Reaction and Beyond -- Catalytic Reductive Coupling of Alkenes and Alkynes to Carbonyl Compounds and Imines Mediated by Hydrogen -- Reductive Aldol, Michael, and Mannich Reactions -- Recent Advances in Alkene Hydroformylation -- Nickel-Catalyzed Reductive Coupling of Dienes and Carbonyl Compounds -- Reductive Coupling of Unactivated Alkenes and Alkynes.
|
| 650 |
|
0 |
|a Chemistry.
|
| 650 |
|
0 |
|a Organic chemistry.
|
| 650 |
|
0 |
|a Organometallic chemistry.
|
| 650 |
1 |
4 |
|a Chemistry.
|
| 650 |
2 |
4 |
|a Organic Chemistry.
|
| 650 |
2 |
4 |
|a Organometallic Chemistry.
|
| 700 |
1 |
|
|a Krische, Michael J.
|e editor.
|
| 710 |
2 |
|
|a SpringerLink (Online service)
|
| 773 |
0 |
|
|t Springer eBooks
|
| 776 |
0 |
8 |
|i Printed edition:
|z 9783540728788
|
| 830 |
|
0 |
|a Topics in Current Chemistry,
|x 0340-1022 ;
|v 279
|
| 856 |
4 |
0 |
|u http://dx.doi.org/10.1007/978-3-540-72879-5
|z Full Text via HEAL-Link
|
| 912 |
|
|
|a ZDB-2-CMS
|
| 950 |
|
|
|a Chemistry and Materials Science (Springer-11644)
|